Culture Générale - Statistiques

Statistiques générales
  • Ce quiz a été pris 102 fois
  • Le résultat moyen est 8 sur 21
Statistiques - réponses
Hint Réponse % Correct
En quelle année a chuté le mur de Berlin ? 1989
73%
Quel bateau a envoyé le premier SOS de l'histoire ? Titanic
70%
Quelle est la relation entre le créateur de la marque Adidas et celui de la marque Puma ? frères
65%
De quelle manière s'écrit la molécule d'eau en langage scientifique ? H2O
64%
Quelle partie de l'Irlande fait partie du Royaume Uni ? Irlande du Nord
60%
Quel est le prénom de M. Leblanc dans le diner de cons ? Juste
53%
Que veut dire le verbe "bet" en anglais ? parier
53%
Dans quel pays se trouve le mont Kilimanjaro ? Tanzanie
51%
Quelle enfant a été adoptée par Jean Valjean dans les Misérables ? Cosette
40%
Dans la Bible lors de la construction de quel monument Dieu fait parler les hommes en différentes langues ? tour de Babel
40%
Algérie, Maroc, Lybie, Tunisie : Citez le pays manquant du Maghreb. Mauritanie
39%
Qui est la première femme a avoir été nommée première ministre ? Edith Cresson
38%
Quelle est la capitale du Laos ? Vientiane
37%
Comment appelle-t-on quelqu'un qui répare les instruments de musique ? luthier
36%
Comment s'appelle le pèlerinage à la Mecque qu'effectuent les musulmans une fois dans leur vie ? hajj
24%
Qui est le compositeur du Lac des Cygnes ? Tchaikovsky
20%
Quel Etat ne vote pas pour élire le président aux Etats Unis ? Porto Rico
18%
Quel est le plus grand festival de France ? Hellfest
15%
Quel célèbre designer de Louis Vuitton est mort en 2021 ? Virgil Abloh
13%
Quel est le record de l'UTMB (approximativement) ? 19h30
4%
Quel est le 2e gouvernement en Lybie, s'opposant à celui de Tripoli ? Benghazi
3%
Aucun quiz correspondant
Distribution des résultats
% des personnes avec chaque résultat
Percentile par nombre de réponses
Votre historique - résultats
Vous n’avez pas pris ce quiz